K DIAGNOSE ASTHMATU V PRAKSI

Bibliographic Details
Main Author: Netoušek (Author)
Format: Article
Language:Slovak
Czech

MARC

LEADER 00000nab a2200000ua 4500
001 vtls010757484
003 SK-MaSNL
005 20260304200734.0
008 250718s xo |||||||||||||||||slo|
035 |a (urnnbn)urn:nbn:sk:snk:ar-a037iq 
035 |a (uuid)2ddcc33c-eaad-4bb7-bb0c-20ee2646f3cd 
035 |a urn:nbn:sk:snk-ab545c 
040 |a SNKBUCL  |b slo  |c SNKBUCL  |e AACR2 
041 0 |a cze 
044 |a xo  |c SK 
100 1 |a Netoušek  |4 aut  |9 1532107 
245 1 0 |a K DIAGNOSE ASTHMATU V PRAKSI  |c Netoušek 
773 0 |t Bratislavské lekárske listy  |g Roč. 4, č. 5 (1924-1925), s. 210-212 
850 |a Slovenská národná knižnica 
852 |a Slovenská národná knižnica 
954 |a odborná, vedecká literatúra cudzojazyčná (svetová)  |2 lita 
958 |a article3 
958 |a OND 
958 |a EUIPO 
999 |c 3090607  |d 3092537